| 000 | 00712aam a2200265 4500 | ||
|---|---|---|---|
| 005 | 20161012183944.0 | ||
| 008 | 150319b xxu||||| |||| 00| 0 spa d | ||
| 041 | _aspa | ||
| 082 | _a618.97 H418co | ||
| 100 |
_aHayflick, Leonard _926599 |
||
| 245 | _aCómo y porqué envejecemos | ||
| 260 |
_aEspaña _bHerder _c1999 |
||
| 300 | _a435 páginas | ||
| 650 |
_aGERIATRÍA _9227 |
||
| 650 |
_aENVEJECIMIENTO _91376 |
||
| 650 |
_aLONGEVIDAD _92495 |
||
| 650 |
_aSISTEMAS ANATOMICOS _926600 |
||
| 650 |
_aMUERTE _91392 |
||
| 650 |
_aPERSONAS SUPERLONGEVAS _926601 |
||
| 650 |
_aGERONTOLOGIA _9226 |
||
| 650 |
_aTERAPIAS _98146 |
||
| 650 |
_aTABLAS DE MORTALIDAD _926386 |
||
| 650 |
_aVEJEZ _9228 |
||
| 942 | _cBK | ||
| 999 |
_c4041 _d4041 |
||